Reasons for faith : (Record no. 21300)
[ view plain ]
| 000 -LEADER | |
|---|---|
| fixed length control field | 02932cam a22003734a 4500 |
| 001 - CONTROL NUMBER | |
| control field | 14842058 |
| 003 - CONTROL NUMBER IDENTIFIER | |
| control field | OSt |
| 005 - DATE AND TIME OF LATEST TRANSACTION | |
| control field | 20260220121852.0 |
| 008 - FIXED-LENGTH DATA ELEMENTS--GENERAL INFORMATION | |
| fixed length control field | 070508s2007 ilu b 011 0 eng |
| 010 ## - LIBRARY OF CONGRESS CONTROL NUMBER | |
| LC control number | 2007019226 |
| 020 ## - INTERNATIONAL STANDARD BOOK NUMBER | |
| International Standard Book Number | 9781581347876 |
| Qualifying information | tpb |
| 035 ## - SYSTEM CONTROL NUMBER | |
| System control number | 14842058 |
| 040 ## - CATALOGING SOURCE | |
| Original cataloging agency | DLC |
| Transcribing agency | DLC |
| Modifying agency | DLC |
| 050 00 - LIBRARY OF CONGRESS CALL NUMBER | |
| Classification number | BT1103 |
| Item number | .R43 2007 |
| 082 00 - DEWEY DECIMAL CLASSIFICATION NUMBER | |
| Classification number | 239 |
| Edition number | 22 |
| 245 00 - TITLE STATEMENT | |
| Title | Reasons for faith : |
| Remainder of title | making a case for the Christian faith : essays in honor of Bob Passantino and Gretchen Passantino Coburn / |
| Statement of responsibility, etc. | editors Norman L. Geisler & Chad V. Meister. |
| 260 ## - PUBLICATION, DISTRIBUTION, ETC. (IMPRINT) | |
| Place of publication, distribution, etc. | Wheaton, Ill. : |
| Name of publisher, distributor, etc. | Crossway Books, |
| Date of publication, distribution, etc. | c2007. |
| 300 ## - PHYSICAL DESCRIPTION | |
| Extent | 416 p. ; |
| Dimensions | 24 cm. |
| 336 ## - CONTENT TYPE | |
| Content type term | text |
| Content type code | txt |
| Source | rdacontent |
| 337 ## - MEDIA TYPE | |
| Media type term | unmediated |
| Media type code | n |
| Source | rdamedia |
| 338 ## - CARRIER TYPE | |
| Carrier type term | volume |
| Carrier type code | nc |
| Source | rdacarrier |
| 504 ## - BIBLIOGRAPHY, ETC. NOTE | |
| Bibliography, etc | Includes bibliographical references and index. |
| 505 0# - FORMATTED CONTENTS NOTE | |
| Formatted contents note | What is apologetics and why do we need it? / Mark Mittelberg -- An apologetic for apologetics / Josh McDowell -- A relevant apologetic / John Warwick Montgomery -- Apologetics for the 21st century / H. Wayne House -- A biblical argument for balanced apologetics / E. Calvin Beisner -- The character of the good apologist -- Cultural and theological issues in apologetics / Norman L. Geisler -- The essentials of the christian faith / J. P. Moreland -- Postmodernism and truth / Francis J. Beckwith -- Christians, politics, and the separation of church and state / Louis Markos -- Aslan in the public square / Scott Klusendorf -- Abortion, research cloning, and beyond / Alan W. Gomes -- The value of historical theology for apologetics / Chad V. Meister -- Open theism -- Defending Christian theism / Winfried Corduan -- The cosmological argument / Miguel Angel Endara -- The design argument / Sean Choi -- The transcendental argument / R. Douglass Geivett -- God and the evidence of evil / Richard G. Howe -- The New Testament, Jesus Christ and the Da Vinci code / Gary Habermas -- The resurrection of Jesus and agnosticism -- World religious movements / Kurt Van Gorden -- Mormonism / Jim Valentine and Eric Pement -- Jehovah's Witnesses and the doctrine of salvation / Ron Rhodes -- Oneness Pentecostals and the doctrine of God / Richard G. Howe -- Witchcraft / Jon Trott -- Satanism / David J. Hesselgrave -- Reasoning faith and global missions / Douglas Groothuis -- Postscript: A manifesto for Christian apologetics. |
| 650 #0 - SUBJECT ADDED ENTRY--TOPICAL TERM | |
| Topical term or geographic name as entry element | Apologetics. |
| 700 1# - ADDED ENTRY--PERSONAL NAME | |
| Personal name | Passantino, Robert. |
| 700 1# - ADDED ENTRY--PERSONAL NAME | |
| Personal name | Coburn, Gretchen Passantino. |
| 700 1# - ADDED ENTRY--PERSONAL NAME | |
| Personal name | Geisler, Norman L. |
| 700 1# - ADDED ENTRY--PERSONAL NAME | |
| Personal name | Meister, Chad V., |
| Dates associated with a name | 1965- |
| 856 41 - ELECTRONIC LOCATION AND ACCESS | |
| Materials specified | Table of contents only |
| Uniform Resource Identifier | <a href="http://www.loc.gov/catdir/toc/ecip0718/2007019226.html">http://www.loc.gov/catdir/toc/ecip0718/2007019226.html</a> |
| 906 ## - LOCAL DATA ELEMENT F, LDF (RLIN) | |
| a | 7 |
| b | cbc |
| c | orignew |
| d | 1 |
| e | ecip |
| f | 20 |
| g | y-gencatlg |
| 942 ## - ADDED ENTRY ELEMENTS (KOHA) | |
| Source of classification or shelving scheme | Library of Congress Classification |
| Koha item type | General Collection |
| Withdrawn status | Lost status | Source of classification or shelving scheme | Not for loan | Home library | Current library | Shelving location | Date acquired | Source of acquisition | Inventory number | Total Checkouts | Full call number | Barcode | Date last seen | Copy number | Price effective from | Koha item type |
|---|---|---|---|---|---|---|---|---|---|---|---|---|---|---|---|---|
| Library of Congress Classification | Kabarak, Main Campus | Kabarak, Main Campus | General Stacks | 20/02/2026 | Donation | 2026/3859 | BT1103 .R43 2007 C.1 | 38346 | 20/02/2026 | C.1 | 20/02/2026 | General Collection |